| 000 | 01508cab a22002415a 4500 | ||
|---|---|---|---|
| 001 | L139685 | ||
| 008 | 070803s2007 xxk f g f000 0 eng d | ||
| 035 | _a(Sirsi) u139685 | ||
| 041 | 0 | _aeng | |
| 050 | 0 | 4 | _a306.026 $2 18 |
| 110 | 1 |
_aUnited Kingdom _kLaws, etc _95044 |
|
| 245 | 0 | 4 |
_aThe Licensing and Management of Houses in Multiple Occupation (Additional Provisions) (England) Regulations 2007 _h[electronic resource] |
| 490 |
_aStatutory Instrument _v2007: 1903 |
||
| 520 | _aComes into effect on 1 October 2007. Imposes duties on managers of Housing in Multiple Occupation (HMOs) which are converted blocks of flats to which section 257 of the Housing Act 2004 applies. The duties include maintenance of water supply and drainage, gas and electricity, living accommodation and common parts; providing waste disposal facilities and information to flat owners; and taking safety measures including those relating to fire. Also imposes responsibility on HMO occupiers to ensure that the manager can reasonably carry out his responsibilities. | ||
| 590 | _aKA | ||
| 650 | 2 | 4 | _aLICENSING AND MANAGEMENT OF HOUSES IN MULTIPLE OCCUPATION (ADDITIONAL PROVISIONS) (ENGLAND) REGULATIONS 2007 |
| 650 | 2 | 4 | _aHOUSING ACT 2004 S257 |
| 650 | 2 | 4 | _aHOUSING ACT 2004 PART II |
| 651 | 4 |
_aEngland _y886- |
|
| 690 | _aPROPERTY-RESIDENTIAL PROPERTY-RESIDENTIAL PROPERTY MANAGEMENT | ||
| 856 | 4 | 0 |
_uhttps://www.opsi.gov.uk/si/si2007/20071903.htm _zView the article free of charge at www.opsi.gov.uk... |
| 942 | _n0 | ||
| 999 |
_c107326 _d107326 |
||